00340nam a2200133Ia 45000010005000000080041000050200020000460820024000661000031000902450020001212600024001419010026001659990015001912191241024s9999 xx 000 0 und d a999-34-402-06-4 aRD/864.44/H519o/v.3 aCamila Hneríquez Ureña 0aObras y Apuntes bEd. Universalc2004 a7/3/2014 9:44:14 a.m. c7726d7726